00522nam a22001457a 4500003000400000005001700004008004100021040001400062100002500076245010100101260001000202300003000212500010700242504002700349OSt20171010095442.0120613t xxu||||| |||| 00| 0 eng d aMMSUcULS aCaditan, Sherwin M.  aAnalysis on the formulation of wall tile body utilizing local raw materialscSherwin M. Caditan  c2006  axiii, 59 leaves c28 cm.  aThesis (BS Ceramic Engineering) -- Mariano Marcos State University-College of Engineering, Batac City  aBibliography: leaf 47